Dives in Misericordia Commento all'Enciclica di Giovanni Paolo II

Bibliographic Details
Main Author: Saraiva Martins, José, 1932- (Author)
Format: Book
Language:Italian
PhysicalDescription:518 s. 21 cm
Published: Roma Urbaniana University Press 1981
Series:Pontificia Universitas Urbaniana : Studia Urbabiana [Vol.] 13

MARC

LEADER 00000cam a2200000 a 4500
001 vtls001152386
003 SK-MaSNL
005 20260301063207.0
008 250414s1981 it 0 ita
035 |a SNK000095268 
040 |a SNK  |b slo  |c SNK  |e AACR2 
041 0 |a ita 
044 |a it  |c IT 
080 |a 282(091) Ján Pavol II.  |2 1981 
080 |a 262.131  |2 1981 
100 1 |a Saraiva Martins, José,  |d 1932-  |4 aut  |9 378542 
245 1 0 |a Dives in Misericordia  |b Commento all'Enciclica di Giovanni Paolo II  |c José Saraiva Martins 
260 |a Roma  |b Urbaniana University Press  |c 1981 
300 |a 518 s.  |c 21 cm 
490 0 |a Pontificia Universitas Urbaniana : Studia Urbabiana  |v [Vol.] 13 
852 |a Slovenská národná knižnica 
954 |a milosrdenstvo  |a encykliky pápežské 
954 |a encykliky pápežské: Dives in misericordia 
958 |a OND 
999 |c 623237  |d 625167 
952 |t P60, <04>, [BOOK], {604}  |a SNK  |b SNK  |y VYP  |7 0  |p 17A0306370  |o snkIC 123535  |0 0  |1 0  |4 0  |d 2001-07-11  |l 0  |r 2005-01-01 00:00:00  |w 2026-02-23